000 00429nam a2200181Ia 4500
001 9083
005 20260306160657.0
008 260306t2007||||xx |||||||||||||| ||spa||
041 _aESP
082 _a372.6
_bC76
100 _aIbarra Morelli, Carmen Hortensia (dir)
_eAUT
245 0 _aComunicación integral
260 _c2007
300 _apágs. :
_c27 cm.
650 _aGEN
654 _aCED
942 _cLIB
_dJUS
_fJUS
_2ddc
_n
999 _c9083
_d9083